| 000 | 04280nam a22002417a 4500 | ||
|---|---|---|---|
| 003 | UA-OsUOA | ||
| 005 | 20211007101052.0 | ||
| 008 | 211007b un ||||| |||| 00| 0 ukr d | ||
| 040 |
_aUA-OsUOA _bukr _cUA-OsUOA _dUA-OsUOA |
||
| 041 | _aukr | ||
| 080 | _a811.512.161'37 | ||
| 090 | _a811.512.161'37 | ||
| 095 |
_a10.02.13 _bмови народів Азії, Африки, аборигенних народів Америки та Австралії |
||
| 100 | _aСкразловська І. А. | ||
| 245 |
_aАнтропоніми турецької мови : лінгвокультурологічний та прагматичний аспекти _cСкразловська Ірина Анатоліївна ; наук. керівник Карпенко Олена Петрівна |
||
| 260 |
_aКиїв _c2021 |
||
| 300 | _a20 с. | ||
| 502 |
_6Автореферат дисертації на здобуття наукового ступеня кандидата філологічних наук
_cКиївський національний університет імені Тараса Шевченка _d2021 |
||
| 520 | _aДисертаційна робота присвячена дослідженню сучасних турецьких антропонімів з позицій актуальних напрямів сучасної лінгвістики - лінгвокультурології та лінгвопрагматики. Об’єктом дослідження є турецькі особові імена та варіанти їхніх парадигм (демінутивні та гіпокористичні форми), також порушуються питання особливостей функціонування антропонімічних моделей турецької мови та прізвиськ. Предметом вивчення виступають лінгвокультурні та прагматичні компоненти лексичного значення турецьких антропонімів. Автор розглядає антропонімічну лексику турецької мови як цілісну систему й описує її в синхронічному та діахронічному розрізі. У роботі узагальнено та удосконалено методики лінгвокультурологічного й лінгвопрагматичного аналізу антропонімів. Розроблено класифікацію турецьких імен за їхньою семантикою, що послугувало виявленню значущих для турецької культури понять і концептів та реконструюванню фрагментів турецької національно-мовної картини світу. У заключному розділі дисертації розкрито прагматичний потенціал турецьких особових імен та прізвиськ, описано особливості номінативних та комунікативних стратегій їх використання з двох взаємопов’язаних позицій - особи, яка іменує/називає, і особи, яку' іменують/називають, - досліджено специфіку дериваційних процесів в антропонімічній системі. Використання в процесі дослідження різножанрових емпіричних матеріалів - словників імен, телевізійних серіалів, художніх та публіцистичних текстів - дозволило розглянути особливості функціонування турецьких антропонімів у різних комунікативних контекстах і забезпечило високий ступінь достовірності отриманих результатів. | ||
| 650 |
_2UDC _a811 Мови |
||
| 942 |
_2udc _cAR |
||
| 955 | _a1 | ||
| 999 |
_c571530 _d571530 |
||